| 000 | 00445nam a2200181Ia 4500 | ||
|---|---|---|---|
| 001 | 7838 | ||
| 005 | 20260306160525.0 | ||
| 008 | 260306t2007||||xx |||||||||||||| ||spa|| | ||
| 041 | _aESP | ||
| 082 |
_a362.76 _bG23 |
||
| 100 |
_aGarcía Diéguez, Noelia _eAUT |
||
| 245 | 0 |
_aInfancia maltratada: _bmanual de intervención |
|
| 260 | _c2007 | ||
| 300 |
_a159 páginas : _c24 cm. |
||
| 650 | _aGEN | ||
| 654 | _aCED | ||
| 942 |
_cLIB _dJUS _fJUS _2ddc _n |
||
| 999 |
_c7838 _d7838 |
||